| 000 | 00406nam a2200145Ia 4500 | ||
|---|---|---|---|
| 008 | 240729s9999 xx 000 0 und d | ||
| 022 | _a2227-961X | ||
| 245 | 0 | _aYemeni Journal for Medical Sciences | |
| 260 | _aYemen | ||
| 260 | _bUniversity of Science and Technology, Yemen | ||
| 650 | _aMedicine | ||
| 856 | _uhttps://doaj.org/toc/72788117d70a419abc67fba87ab7b5cc | ||
| 942 | _2ddc | ||
| 942 | _cDOAJEJ | ||
| 999 |
_c70163 _d70163 |
||
| 945 |
_a1 _bMadushi Gamage _c1 _dMadushi Gamage |
||